000 00383nam a2200145Ia 4500
008 230917s9999||||xx |||||||||||||| ||und||
040 _e124844
_aMAIN
041 _aEnglish
082 _a361.60973 D615S
100 _aDinitto, Diana M
245 0 _aSocial welfare: politics and public policy
260 _aNew Jersey
_bPrentice Hall
_c1987
300 _axii p. ; 292p.
942 _cBK
999 _c60948
_d60948